| 000 | 00527nam a2200217 a 4500 | ||
|---|---|---|---|
| 001 | 0001-2044 | ||
| 003 | ELIB.Books | ||
| 008 | 190710 2010 eng | ||
| 020 | _aKBTS | ||
| 092 |
_a898.8 _bYam |
||
| 100 | _aYamada, Kobi. | ||
| 245 | _aThe Little Things | ||
| 260 |
_aLynnwood _bCompendium Inc. _c2005 |
||
| 300 |
_a75 _c19 Cm |
||
| 650 | _aQuotations | ||
| 856 |
_nKBTS Library _uKBTS Elib |
||
| 942 |
_2ddc _cBK |
||
| 990 | _a1 | ||
| 998 |
_aEnglishbooks.elf _ccat _e2019-07-10 |
||
| 999 |
_c12044 _d12044 |
||